000 00893nam a2200277Ia 4500
003 OSt
005 20220912150637.0
006 a|||||r|||| 00| 0
007 ta
008 220909b |||||||| |||| 00| 0 eng d
024 _a30055
037 _cTextual
040 _aCSL
_beng
_cCSL
041 _aeng
082 _aB280bL:4:51, M6
100 _aMoolgavkar Suresh H Ed.
111 _aConference on modern statistical methods in chronic disease epidemiology (1985 : Alta)
245 0 _aProceeding on Modern statistical methods in chronic disease opidemiology
260 _aNew York
_b John Wiley
_c1986
300 _axiii,282p.
_ccm.
500 _aIncludes bibliography
650 _astatistical method
700 _a Prentice Ross L Ed.
942 _hB280bL:4:51, M6
_cTEXL
_2CC
999 _c51726
_d51726